Najmniejsze państwa Afryki - Statystyki

Ogólne statystyki
  • Ten quiz został rozwiązany 29 razy
  • Średni wynik to 9 z 10
Statystyki odpowiedzi
Powierzchnia Państwo % Poprawnych
2 045 km² Mauritius
93%
4 033 km² Republika zielonego przylądka
93%
455 km² Seszele
93%
1 001 km² Wyspy Świętego Tomasza i Książęca
93%
17 363 km² Eswatini
89%
2 170 km² Komory
89%
26 338 km² Rwanda
89%
23 200 km² Dżibuti
86%
27 830 km² Burundi
82%
11 295 km² Gambia
79%
Nie znaleziono quizów pasujących do podanych kryteriów
Rozkład punktacji
Procent ludzi z każdym wynikiem
Percentyl według liczby udzielonych odpowiedzi
Twoja historia wyników
Nie rozwiązałeś tego quizu